[Event "SVK-chT2C 2122"]
[Site "Slovakia"]
[Date "2022.02.06"]
[Round "4.5"]
[White "Debnar, Jan"]
[Black "Matejov, Anton"]
[Result "1/2-1/2"]
[WhiteElo "1942"]
[BlackElo "1965"]
[PlyCount "29"]
[EventDate "2021.10.16"]
[EventType "team-tourn"]
[EventRounds "11"]
[EventCountry "SVK"]
[SourceTitle "EXT 2023"]
[Source "ChessBase"]
[SourceDate "2022.10.05"]
[SourceVersion "1"]
[SourceVersionDate "2022.10.05"]
[SourceQuality "1"]
[WhiteTeam "Detva"]
[BlackTeam "Kysucke Nove Mesto"]
[WhiteTeamCountry "SVK"]
[BlackTeamCountry "SVK"]

1. e4 d6 2. d4 Nf6 3. Nc3 e5 4. Nf3 Nbd7 5. Bc4 Be7 6. Ng5 0-0 7. f4 c6 8. Bb3 b5 9. a3 exd4 10. Qxd4 c5 11. Qe3 c4 12. Ba2 a6 13. b3 d5 14. e5 Bc5 15. Qf3 1/2-1/2

[Event "SVK-chT2C 1920"]
[Site "Slovakia"]
[Date "2020.01.26"]
[Round "7.6"]
[White "Debnar, Jan"]
[Black "Nagy, Zsolt"]
[Result "1-0"]
[WhiteElo "1947"]
[BlackElo "1720"]
[PlyCount "69"]
[EventDate "2019.10.26"]
[EventType "team-tourn"]
[EventRounds "11"]
[EventCountry "SVK"]
[SourceTitle "CBM 194 Extra"]
[Source "ChessBase"]
[SourceDate "2020.03.31"]
[SourceVersion "1"]
[SourceVersionDate "2020.03.31"]
[SourceQuality "1"]
[WhiteTeam "Detva"]
[BlackTeam "Vinica"]
[WhiteTeamCountry "SVK"]
[BlackTeamCountry "SVK"]

1. e4 c5 2. Nf3 d6 3. d4 cxd4 4. Nxd4 Nf6 5. Nc3 a6 6. Be2 Qc7 7. 0-0 b5 8. a4 b4 9. Nd5 Nxd5 10. exd5 g6 11. Be3 Bg7 12. Qd2 Bb7 13. Bf3 a5 14. Nb5 Qd8 15. Bd4 Bxd4 16. Qxd4 0-0 17. Rfe1 Nd7 18. c3 bxc3 19. Nxc3 Nc5 20. Ra3 Ba6 21. Nb5 Rb8 22. Be2 Qd7 23. Rh3 f5 24. b3 Ne4 25. Bd3 Nc5 26. Bc4 Rf7 27. Qc3 Rc8 28. Qxa5 Bb7 29. Nd4 Qe8 30. Bb5 Nd7 31. Qa7 Rc7 32. Ne6 Qc8 33. Nxc7 Qxc7 34. Bc6 Nc5 35. b4 1-0

[Event "SVK-chT2C 1415"]
[Site "Slovakia"]
[Date "2014.11.08"]
[Round "3.7"]
[White "Pitek, Lubomir"]
[Black "Debnar, Jan"]
[Result "0-1"]
[WhiteElo "1852"]
[BlackElo "2033"]
[PlyCount "66"]
[EventDate "2014.10.11"]
[EventType "team-tourn"]
[EventRounds "11"]
[EventCountry "SVK"]
[SourceTitle "EXT 2016"]
[Source "ChessBase"]
[SourceDate "2015.10.08"]
[SourceVersion "1"]
[SourceVersionDate "2015.10.08"]
[SourceQuality "1"]
[WhiteTeam "Rajecke Teplice"]
[BlackTeam "Filakovo"]
[WhiteTeamCountry "SVK"]
[BlackTeamCountry "SVK"]

1. e4 c5 2. Nf3 Nc6 3. d4 cxd4 4. Nxd4 e5 5. Nxc6 bxc6 6. Bc4 Nf6 7. Nc3 Bb4 8. 0-0 0-0 9. Bg5 h6 10. Bxf6 Qxf6 11. Ne2 Bc5 12. c3 Qg6 13. Ng3 d6 14. b4 Bb6 15. a4 a5 16. Ra2 Bg4 17. Qd3 h5 18. h3 Bc8 19. Qf3 h4 20. Nf5 Qf6 21. Rd2 d5 22. Bd3 Bxf5 23. Qxf5 axb4 24. Qxf6 gxf6 25. cxb4 Rxa4 26. exd5 cxd5 27. Bb5 Rxb4 28. Rxd5 Kg7 29. Kh2 Rb8 30. f3 Be3 31. Bd3 Rb2 32. Be4 Ra2 33. f4 Rb4 0-1

[Event "SVK-chT1E 1314"]
[Site "Slovakia"]
[Date "2014.03.23"]
[Round "11.6"]
[White "Debnar, Jan"]
[Black "Milcova, Zuzana"]
[Result "1-0"]
[WhiteElo "2046"]
[BlackElo "2047"]
[PlyCount "137"]
[EventDate "2013.10.12"]
[EventType "team-tourn"]
[EventRounds "11"]
[EventCountry "SVK"]
[SourceTitle "EXT 2015"]
[Source "ChessBase"]
[SourceDate "2014.11.20"]
[SourceVersion "1"]
[SourceVersionDate "2014.11.20"]
[SourceQuality "1"]
[WhiteTeam "Filakovo"]
[BlackTeam "Dolny Kubin"]
[WhiteTeamCountry "SVK"]
[BlackTeamCountry "SVK"]

1. e4 d5 2. exd5 Nf6 3. c4 c6 4. dxc6 Nxc6 5. h3 e5 6. d3 Bc5 7. Be3 Qb6 8. Bxc5 Qxc5 9. Nc3 0-0 10. Nge2 Be6 11. Ng3 Rfd8 12. Qa4 Rd7 13. a3 Qd4 14. Be2 Rad8 15. 0-0 Qh4 16. Rfe1 Rd4 17. Bf1 g5 18. Nce4 g4 19. Nxf6+ Qxf6 20. Ne4 Qh6 21. hxg4 Bxg4 22. Qc2 Qg6 23. Qc1 Bf5 24. f3 Kh8 25. Qe3 Rg8 26. Rac1 Bc8 27. c5 f5 28. Nd6 Rh4 29. Rc4 f4 30. Qe4 Qh5 31. Nxc8 Rxc8 32. Kf2 Qg5 33. Ke2 Rd8 34. Kd2 Rh1 35. Kc1 Qg3 36. Rd1 Qf2 37. Qe2 Qg1 38. Qd2 Nd4 39. Rc3 Qh2 40. Kb1 Qg3 41. Qe1 Qg7 42. Qe4 Nc6 43. Re1 Rd4 44. Qf5 Rh6 45. Qc8+ Rd8 46. Qf5 Rf6 47. Qe4 Rd4 48. Qe2 Re6 49. Qf2 Ne7 50. Rc4 Rd5 51. Rxf4 Rc6 52. Rc4 Nf5 53. f4 Ng3 54. Rxe5 Rxe5 55. fxe5 Nxf1 56. Qxf1 Rc8 57. Qf6 Qxf6 58. exf6 Kg8 59. b4 Kf7 60. Rh4 Kg6 61. Kc2 b6 62. d4 bxc5 63. dxc5 a5 64. Kd3 axb4 65. axb4 Ra8 66. Kc4 Ra2 67. Rf4 Kf7 68. g4 h6 69. c6 1-0

[Event "SVK-chT1E 1314"]
[Site "Slovakia"]
[Date "2013.12.15"]
[Round "6.2"]
[White "Debnar, Jan"]
[Black "Mikrut, Dariusz"]
[Result "0-1"]
[WhiteElo "2046"]
[BlackElo "2356"]
[PlyCount "44"]
[EventDate "2013.10.12"]
[EventType "team-tourn"]
[EventRounds "11"]
[EventCountry "SVK"]
[SourceTitle "EXT 2015"]
[Source "ChessBase"]
[SourceDate "2014.11.20"]
[SourceVersion "1"]
[SourceVersionDate "2014.11.20"]
[SourceQuality "1"]
[WhiteTeam "Filakovo"]
[BlackTeam "Prakovce"]
[WhiteTeamCountry "SVK"]
[BlackTeamCountry "SVK"]

1. e4 c5 2. Nf3 d6 3. d4 cxd4 4. Nxd4 Nf6 5. Nc3 a6 6. Be2 e5 7. Nb3 Be7 8. 0-0 0-0 9. a4 Be6 10. Be3 Nbd7 11. Kh1 Nb6 12. Nd2 d5 13. exd5 Nbxd5 14. Nxd5 Nxd5 15. Nc4 Qc7 16. b3 Rad8 17. Qe1 Bb4 18. Bd2 Bxd2 19. Qxd2 Nf4 20. Qe3 Nxe2 21. Qxe2 Bxc4 22. bxc4 Rd4 0-1

[Event "SVK-chT1E 1213"]
[Site "Slovakia"]
[Date "2013.02.23"]
[Round "8.3"]
[White "Kalata, Peter"]
[Black "Debnar, Jan"]
[Result "0-1"]
[WhiteElo "2165"]
[BlackElo "2052"]
[PlyCount "76"]
[EventDate "2012.10.20"]
[EventType "team-tourn"]
[EventRounds "11"]
[EventCountry "SVK"]
[SourceTitle "EXT 2015"]
[Source "ChessBase"]
[SourceDate "2014.11.20"]
[SourceVersion "1"]
[SourceVersionDate "2014.11.20"]
[SourceQuality "1"]
[WhiteTeam "Bardejov"]
[BlackTeam "Filakovo"]
[WhiteTeamCountry "SVK"]
[BlackTeamCountry "SVK"]

1. e4 e5 2. Nf3 Nf6 3. Nc3 Nc6 4. Bb5 d6 5. d4 exd4 6. Nxd4 Bd7 7. f3 h6 8. Be3 Be7 9. Qe2 Nxd4 10. Bxd4 c6 11. Bd3 Qa5 12. e5 dxe5 13. Qxe5 Qxe5+ 14. Bxe5 Be6 15. 0-0-0 0-0-0 16. a3 Rhe8 17. Ne2 Bc5 18. Bxf6 gxf6 19. Ng3 Be3+ 20. Kb1 Rg8 21. Nf1 Bf2 22. g4 Bd5 23. Nd2 Bh4 24. c4 Be6 25. Kc2 Kc7 26. h3 Rd4 27. b3 Rf4 28. Be2 f5 29. Nf1 Be7 30. Ng3 Bc5 31. b4 Bf2 32. Nh5 Rd4 33. Rxd4 Bxd4 34. Bd3 fxg4 35. hxg4 Be3 36. Re1 Bf2 37. Re2 Bd4 38. Ng3 Rg5 0-1

[Event "SVK-chT1E 1213"]
[Site "Slovakia"]
[Date "2012.10.21"]
[Round "2.8"]
[White "Debnar, Jan"]
[Black "Staffen, Richard"]
[Result "1-0"]
[WhiteElo "2052"]
[BlackElo "1883"]
[PlyCount "57"]
[EventDate "2012.10.20"]
[EventType "team-tourn"]
[EventRounds "11"]
[EventCountry "SVK"]
[SourceTitle "EXT 2014"]
[Source "ChessBase"]
[SourceDate "2013.11.20"]
[SourceVersion "1"]
[SourceVersionDate "2013.11.20"]
[SourceQuality "1"]
[WhiteTeam "Filakovo"]
[BlackTeam "Zilina Mladost"]
[WhiteTeamCountry "SVK"]
[BlackTeamCountry "SVK"]

1. e4 c5 2. Nf3 e6 3. d4 cxd4 4. Nxd4 a6 5. c4 Qc7 6. a3 Nf6 7. Nc3 Be7 8. Be2 0-0 9. 0-0 Nc6 10. Kh1 d6 11. Be3 Bd7 12. f4 Rac8 13. Rc1 Rfd8 14. Bd3 Nxd4 15. Bxd4 Bc6 16. Qb3 Qb8 17. Rce1 Nd7 18. Qc2 Nc5 19. Be2 Nd7 20. Bd3 Nc5 21. Re3 Nxd3 22. Qxd3 Qc7 23. Rg3 Bf8 24. Qe3 Qe7 25. f5 e5 26. Bb6 Re8 27. f6 Qe6 28. Rxg7+ Bxg7 29. Qg5 1-0

[Event "SVK-chT2C 10/11"]
[Site "Slovakia"]
[Date "2011.02.06"]
[Round "7.3"]
[White "Klein, Peter"]
[Black "Debnar, Jan"]
[Result "1/2-1/2"]
[WhiteElo "2046"]
[BlackElo "2073"]
[PlyCount "24"]
[EventDate "2010.10.23"]
[EventType "team-tourn"]
[EventRounds "11"]
[EventCountry "SVK"]
[SourceTitle "EXT 2019"]
[Source "ChessBase"]
[SourceDate "2018.10.10"]
[SourceVersion "1"]
[SourceVersionDate "2018.10.10"]
[SourceQuality "1"]
[WhiteTeam "Zvolen Slavia"]
[BlackTeam "Podpolanie"]
[WhiteTeamCountry "SVK"]
[BlackTeamCountry "SVK"]

1. e4 c5 2. Nc3 Nc6 3. g3 e6 4. Bg2 Nf6 5. d3 Be7 6. f4 d5 7. e5 Nd7 8. Nf3 f6 9. exf6 Nxf6 10. 0-0 0-0 11. Bd2 a6 12. Re1 Ng4 1/2-1/2

[Event "SVK-chT1E 1011"]
[Site "Slovakia"]
[Date "2011.01.09"]
[Round "5.8"]
[White "Debnar, Jan"]
[Black "Haring, Viktor"]
[Result "1/2-1/2"]
[WhiteElo "2073"]
[BlackElo "1921"]
[PlyCount "91"]
[EventDate "2010.11.06"]
[EventType "team-tourn"]
[EventRounds "11"]
[EventCountry "SVK"]
[SourceTitle "EXT 2012"]
[Source "ChessBase"]
[SourceDate "2011.11.24"]
[SourceVersion "1"]
[SourceVersionDate "2011.11.24"]
[SourceQuality "1"]
[WhiteTeam "Filakovo"]
[BlackTeam "Banska Bystrica"]
[WhiteTeamCountry "SVK"]
[BlackTeamCountry "SVK"]

1. c4 e5 2. Nc3 Nf6 3. Nf3 Nc6 4. d3 Bb4 5. g3 d5 6. cxd5 Nxd5 7. Bd2 Be6 8. Bg2 f6 9. 0-0 0-0 10. a3 Bc5 11. b4 Bb6 12. Rc1 Rc8 13. Na4 Qd6 14. Nxb6 cxb6 15. Rb1 Rfd8 16. Qa4 a6 17. Rfc1 b5 18. Qd1 Rc7 19. Qe1 Rdc8 20. Be3 Nxe3 21. fxe3 Ne7 22. Qd2 Nd5 23. Rxc7 Qxc7 24. Kf2 Qc2 25. Ra1 Qb3 26. Ne1 b6 27. Bxd5 Qxd5 28. Nf3 Qb3 29. Ne1 Qc3 30. Qxc3 Rxc3 31. e4 Rb3 32. Nc2 Rb2 33. Ne3 a5 34. bxa5 bxa5 35. Nd5 Bg4 36. Re1 Ra2 37. Nc3 Rxa3 38. Nxb5 Ra2 39. Nc3 Ra3 40. Rc1 Rb3 41. Rc2 Bd7 42. Nd5 a4 43. Rc7 Be6 44. Ra7 a3 45. Kf3 h5 46. Kf2 1/2-1/2

[Event "SVK-chT1E 0910"]
[Site "Slovakia"]
[Date "2010.03.06"]
[Round "10.3"]
[White "Debnar, Jan"]
[Black "Medvec, Miroslav"]
[Result "1/2-1/2"]
[WhiteElo "2078"]
[BlackElo "1863"]
[PlyCount "87"]
[EventDate "2009.10.17"]
[EventType "team"]
[EventRounds "11"]
[EventCountry "SVK"]
[SourceTitle "EXT 2011"]
[Source "ChessBase"]
[SourceDate "2010.11.26"]
[SourceVersion "1"]
[SourceVersionDate "2010.11.26"]
[SourceQuality "1"]
[WhiteTeam "Filakovo"]
[BlackTeam "Liptov Chess School"]
[WhiteTeamCountry "SVK"]
[BlackTeamCountry "SVK"]

1. e4 e5 2. Nf3 Nc6 3. Bb5 a6 4. Ba4 Nf6 5. 0-0 Be7 6. Re1 b5 7. Bb3 0-0 8. c3 d6 9. h3 Bb7 10. d4 Re8 11. Nbd2 Bf8 12. a4 h6 13. Bc2 exd4 14. cxd4 Nb4 15. Bb1 c5 16. d5 Nd7 17. Nf1 f5 18. exf5 Bxd5 19. Bd2 Bf7 20. Bxb4 cxb4 21. Be4 Rb8 22. axb5 axb5 23. Bd5 Qf6 24. Bxf7+ Qxf7 25. Ne3 Ne5 26. Nxe5 Rxe5 27. Qd4 Qb3 28. Red1 Rbe8 29. Rd3 Qf7 30. Qxb4 d5 31. Qd4 Qc7 32. Rc3 Qb7 33. Ra7 Qb8 34. Rcc7 Kh8 35. Qd3 Rc8 36. Rxc8 Qxc8 37. f6 Qc1+ 38. Kh2 Rg5 39. fxg7+ Rxg7 40. Ra8 Rg8 41. Qxd5 Qxb2 42. Qf3 Bd6+ 43. Kg1 Qc1+ 44. Nd1 1/2-1/2

[Event "SVK-chT1E 0910"]
[Site "Slovakia"]
[Date "2009.11.15"]
[Round "4.3"]
[White "Cuker, Dusan"]
[Black "Debnar, Jan"]
[Result "1/2-1/2"]
[WhiteElo "2036"]
[BlackElo "2078"]
[PlyCount "23"]
[EventDate "2009.10.17"]
[EventType "team"]
[EventRounds "11"]
[EventCountry "SVK"]
[SourceTitle "EXT 2011"]
[Source "ChessBase"]
[SourceDate "2010.11.26"]
[SourceVersion "1"]
[SourceVersionDate "2010.11.26"]
[SourceQuality "1"]
[WhiteTeam "Sabinov"]
[BlackTeam "Filakovo"]
[WhiteTeamCountry "SVK"]
[BlackTeamCountry "SVK"]

1. e4 c5 2. Nf3 Nc6 3. d4 cxd4 4. Nxd4 e5 5. Nf3 Nf6 6. Bc4 Nxe4 7. Bxf7+ Kxf7 8. Qd5+ Ke8 9. Qxe4 d5 10. Qe2 Bg4 11. h3 Bxf3 12. Qxf3 1/2-1/2

[Event "SVK-chT1E 0809"]
[Site "Slovakia"]
[Date "2009.03.08"]
[Round "11.1"]
[White "Debnar, Jan"]
[Black "Veselovsky, Jan"]
[Result "1/2-1/2"]
[WhiteElo "2070"]
[BlackElo "2072"]
[PlyCount "112"]
[EventDate "2008.10.18"]
[EventType "team-tourn"]
[EventRounds "11"]
[EventCountry "SVK"]
[SourceTitle "EXT 2010"]
[Source "ChessBase"]
[SourceDate "2010.11.25"]
[SourceVersion "1"]
[SourceVersionDate "2010.11.25"]
[SourceQuality "1"]
[WhiteTeam "Filakovo"]
[BlackTeam "Bardejov BSK"]
[WhiteTeamCountry "SVK"]
[BlackTeamCountry "SVK"]

1. e4 c6 2. d4 d5 3. Nd2 dxe4 4. Nxe4 Nd7 5. Bc4 Ngf6 6. Ng5 e6 7. N1f3 h6 8. Nh3 c5 9. c3 a6 10. Nf4 Nb6 11. Bb3 cxd4 12. cxd4 Bd6 13. Nd3 Nbd5 14. 0-0 b5 15. a4 b4 16. Nfe5 Qb6 17. Nc4 Qd8 18. Nxd6+ Qxd6 19. a5 0-0 20. Bd2 Bd7 21. Ba4 Rab8 22. Nc5 Bb5 23. Re1 Rfd8 24. Qb3 Bxa4 25. Rxa4 Rb5 26. Rc1 Rdb8 27. Qg3 Qxg3 28. hxg3 Nc7 29. Bf4 Nfd5 30. Nd7 R8b7 31. Rc6 Nxf4 32. gxf4 Ra7 33. Rb6 Nd5 34. Rb8+ Rxb8 35. Nxb8 Kf8 36. Nc6 Rc7 37. Nb8 Ra7 38. Nc6 Rb7 39. g3 Ke8 40. Kf1 f6 41. Ra1 Kd7 42. Rc1 Kd6 43. Rc5 Rc7 44. Nd8 Kd7 45. Rxc7+ Nxc7 46. Nb7 Kc6 47. Nc5 Kb5 48. Ke2 Kxa5 49. Kd3 Kb5 50. b3 a5 51. Ke4 Kc6 52. f3 g6 53. Na4 Ne8 54. Nc5 Nd6+ 55. Kd3 f5 56. Nxe6 Kd5 1/2-1/2

[Event "SVK-chT1E 0708"]
[Site "Slovakia"]
[Date "2007.11.11"]
[Round "4.6"]
[White "Saga, Vladimir"]
[Black "Debnar, Jan"]
[Result "1/2-1/2"]
[WhiteElo "2113"]
[BlackElo "2109"]
[PlyCount "61"]
[EventDate "2007.10.13"]
[EventType "team-swiss"]
[EventRounds "11"]
[EventCountry "SVK"]
[SourceTitle "EXT 2009"]
[Source "ChessBase"]
[SourceDate "2008.11.26"]
[SourceVersion "1"]
[SourceVersionDate "2008.11.26"]
[SourceQuality "1"]
[WhiteTeam "Dunajov Inbest"]
[BlackTeam "Filakovo"]
[WhiteTeamCountry "SVK"]
[BlackTeamCountry "SVK"]

1. d4 d5 2. g3 Nf6 3. Bg2 e6 4. f3 c5 5. c3 Nc6 6. Nh3 Be7 7. Nf2 0-0 8. 0-0 cxd4 9. cxd4 b5 10. e3 Qb6 11. f4 a5 12. g4 b4 13. g5 Ne8 14. Nd2 Ba6 15. Re1 Nd6 16. h4 f5 17. Nf3 Ne4 18. Ne5 Nxe5 19. fxe5 Nxf2 20. Kxf2 g6 21. Rh1 Kg7 22. Bd2 Rac8 23. Bf3 Rh8 24. Rc1 Rxc1 25. Qxc1 Rc8 26. Qb1 Qb8 27. Kg3 Qb5 28. Rc1 Rxc1 29. Qxc1 Qc4 30. Qb1 Qf1 31. Qxf1 1/2-1/2

[Event "SVK-chT1E 0708"]
[Site "Slovakia"]
[Date "2007.10.14"]
[Round "2.2"]
[White "Lasanda, Michal"]
[Black "Debnar, Jan"]
[Result "1-0"]
[WhiteElo "2165"]
[BlackElo "2109"]
[PlyCount "89"]
[EventDate "2007.10.13"]
[EventType "team-swiss"]
[EventRounds "11"]
[EventCountry "SVK"]
[SourceTitle "EXT 2009"]
[Source "ChessBase"]
[SourceDate "2008.11.26"]
[SourceVersion "1"]
[SourceVersionDate "2008.11.26"]
[SourceQuality "1"]
[WhiteTeam "Michalovce Zemplin"]
[BlackTeam "Filakovo"]
[WhiteTeamCountry "SVK"]
[BlackTeamCountry "SVK"]

1. e4 c5 2. Nc3 Nc6 3. g3 g6 4. Bg2 Bg7 5. d3 d6 6. f4 e6 7. Nf3 Nge7 8. 0-0 0-0 9. Be3 Nd4 10. e5 Nec6 11. Ne4 dxe5 12. Nxe5 Nxe5 13. fxe5 Bxe5 14. c3 Nc6 15. Nxc5 Bg7 16. d4 Qc7 17. b4 Rb8 18. Qb3 b6 19. Nd3 Bb7 20. Rae1 Rbc8 21. Bf4 Qd7 22. Rd1 Rcd8 23. Rfe1 Qc8 24. a4 Ne7 25. Bg5 Rfe8 26. Ne5 Bxg2 27. Bxe7 Rxe7 28. Kxg2 Rc7 29. Rd3 Qb7+ 30. Kg1 Rd5 31. c4 Rd8 32. b5 Bxe5 33. Rxe5 Qc8 34. d5 exd5 35. Rexd5 Re8 36. R5d4 Re1+ 37. Kf2 Re5 38. Rd8+ Re8 39. Rxc8 Rcxc8 40. Rd7 Rc5 41. Rxa7 Rf5+ 42. Qf3 Rxf3+ 43. Kxf3 Rc8 44. a5 Rb8 45. a6 1-0

[Event "SVK-chT1E 0607"]
[Site "Slovakia"]
[Date "2007.02.10"]
[Round "8.1"]
[White "Blicha, Martin"]
[Black "Debnar, Jan"]
[Result "0-1"]
[WhiteElo "1981"]
[BlackElo "2057"]
[PlyCount "78"]
[EventDate "2006.10.07"]
[EventType "team-tourn"]
[EventRounds "11"]
[EventCountry "SVK"]
[SourceTitle "EXT 2008"]
[Source "ChessBase"]
[SourceDate "2007.11.25"]
[SourceVersion "1"]
[SourceVersionDate "2007.11.25"]
[SourceQuality "1"]
[WhiteTeam "Kosice sachy.sk	 II"]
[BlackTeam "Lucenec Laurex"]
[WhiteTeamCountry "SVK"]
[BlackTeamCountry "SVK"]

1. e4 c5 2. Nf3 Nc6 3. d4 cxd4 4. Nxd4 Nf6 5. Nc3 d6 6. Be2 a6 7. 0-0 g6 8. Be3 Bg7 9. Kh1 0-0 10. Qd2 Bd7 11. f4 Qc7 12. f5 Ne5 13. Bh6 Rfc8 14. Bxg7 Kxg7 15. fxg6 hxg6 16. Qg5 Rh8 17. Nd5 Nxd5 18. exd5 f6 19. Qe3 Rh6 20. Rf2 Rah8 21. g3 Qc5 22. Ne6+ Bxe6 23. Qxc5 dxc5 24. dxe6 Rd8 25. Rd1 Rhh8 26. Kg2 f5 27. g4 Rxd1 28. Bxd1 Kf6 29. Bf3 Nxf3 30. Rxf3 Kxe6 31. Rb3 b5 32. c4 bxc4 33. Rb6+ Kd5 34. gxf5 gxf5 35. Rxa6 Rb8 36. h4 Rxb2+ 37. Kf3 c3 38. Ke3 Rh2 39. Kd3 c2 0-1

[Event "SVK-chT1E 0607"]
[Site "Slovakia"]
[Date "2006.12.02"]
[Round "5.6"]
[White "Debnar, Jan"]
[Black "Jelen, Peter"]
[Result "1/2-1/2"]
[WhiteElo "2057"]
[BlackElo "2233"]
[PlyCount "204"]
[EventDate "2006.10.07"]
[EventType "team-tourn"]
[EventRounds "11"]
[EventCountry "SVK"]
[SourceTitle "EXT 2008"]
[Source "ChessBase"]
[SourceDate "2007.11.25"]
[SourceVersion "1"]
[SourceVersionDate "2007.11.25"]
[SourceQuality "1"]
[WhiteTeam "Lucenec Laurex"]
[BlackTeam "Liptov SK Zapad"]
[WhiteTeamCountry "SVK"]
[BlackTeamCountry "SVK"]

1. e4 c5 2. Nf3 Nc6 3. d4 cxd4 4. Nxd4 Nf6 5. Nc3 d6 6. Be2 e6 7. 0-0 Be7 8. Be3 0-0 9. f4 a6 10. Bf3 Qc7 11. Nce2 Bd7 12. c4 Nxd4 13. Qxd4 e5 14. Qd3 b5 15. Rfc1 Qb7 16. b3 Rac8 17. Nc3 b4 18. Nd5 Nxd5 19. exd5 Bf6 20. fxe5 Bxe5 21. Rab1 g6 22. Bd4 Bf5 23. Be4 Bxd4+ 24. Qxd4 Bxe4 25. Qxe4 Qb6+ 26. Kh1 Rfe8 27. Qh4 Qe3 28. Rf1 f5 29. Qf6 Rcd8 30. Qa1 Qg5 31. Rbe1 Kf7 32. Qd4 Rxe1 33. Rxe1 Re8 34. Rxe8 Qc1+ 35. Qg1 Qxg1+ 36. Kxg1 Kxe8 37. Kf2 Ke7 38. Ke3 g5 39. Kd4 h5 40. c5 dxc5+ 41. Kxc5 f4 42. Kd4 h4 43. Ke4 Kd6 44. h3 a5 45. Kf5 Kxd5 46. Kxg5 Kd4 47. Kxh4 Kc3 48. Kg4 Kb2 49. h4 Kxa2 50. h5 a4 51. bxa4 b3 52. h6 b2 53. h7 b1Q 54. h8Q Qd1+ 55. Kxf4 Qxa4+ 56. Kg3 Qa3+ 57. Kh2 Qd6+ 58. g3 Qd2+ 59. Kh3 Qd7+ 60. g4 Qd5 61. Qf8 Qh1+ 62. Kg3 Qg1+ 63. Kh4 Qh2+ 64. Kg5 Qe5+ 65. Qf5 Qg7+ 66. Kh4 Qh6+ 67. Kg3 Qd6+ 68. Qf4 Qd3+ 69. Qf3 Qd6+ 70. Kg2 Qg6 71. Qf2+ Kb3 72. Kg3 Qh6 73. Qf4 Qb6 74. Kh4 Qd8+ 75. g5 Qe8 76. Qf3+ Kc4 77. Kg4 Qd7+ 78. Qf5 Qd1+ 79. Qf3 Qd7+ 80. Kg3 Qg7 81. Qf5 Qa1 82. Qf7+ Kd3 83. Kg4 Qg1+ 84. Kh5 Qh1+ 85. Kg6 Ke3 86. Kg7 Qg2 87. Qe6+ Kd4 88. g6 Qg3 89. Qf7 Ke4 90. Kf8 Kd4 91. Qf6+ Kd5 92. g7 Qb8+ 93. Kf7 Qc7+ 94. Kg6 Qc8 95. Qf7+ Ke5 96. Qf6+ Ke4 97. Kh7 Qh3+ 98. Qh6 Qd7 99. Qg6+ Kf4 100. Kh8 Qh3+ 101. Qh7 Qc3 102. Qh6+ Kf5 1/2-1/2

[Event "SVK-chT1E 0506"]
[Site "Slovakia"]
[Date "2005.11.06"]
[Round "4"]
[White "Debnar, Jan"]
[Black "Lihosith, Peter"]
[Result "1-0"]
[WhiteElo "1994"]
[BlackElo "2094"]
[PlyCount "29"]
[EventDate "2005.10.15"]
[EventType "team"]
[EventRounds "11"]
[EventCountry "SVK"]
[SourceTitle "EXT 2009"]
[Source "ChessBase"]
[SourceDate "2008.11.26"]
[SourceVersion "1"]
[SourceVersionDate "2008.11.26"]
[SourceQuality "1"]

1. e4 d5 2. exd5 Qxd5 3. d4 Nc6 4. Be3 Nf6 5. c4 Qa5+ 6. Nc3 Bf5 7. Bd3 Nb4 8. Bxf5 Qxf5 9. Qa4+ Nc6 10. d5 Ng4 11. dxc6 b6 12. Nd5 Qe5 13. Nf3 Qxb2 14. 0-0 Nxe3 15. fxe3 1-0

[Event "SVK-chT1E 0506"]
[Site "Slovakia"]
[Date "2005.10.15"]
[Round "1"]
[White "Debnar, Jan"]
[Black "Jendrichovsky, Peter"]
[Result "1-0"]
[WhiteElo "1994"]
[BlackElo "1896"]
[PlyCount "67"]
[EventDate "2005.10.15"]
[EventType "team"]
[EventRounds "11"]
[EventCountry "SVK"]
[SourceTitle "EXT 2009"]
[Source "ChessBase"]
[SourceDate "2008.11.26"]
[SourceVersion "1"]
[SourceVersionDate "2008.11.26"]
[SourceQuality "1"]

1. e4 c5 2. Nf3 Nc6 3. d4 cxd4 4. Nxd4 Nf6 5. Nc3 e5 6. Ndb5 d6 7. Bg5 a6 8. Bxf6 gxf6 9. Na3 b5 10. Nd5 Bg7 11. c4 b4 12. Nc2 Rb8 13. Nce3 0-0 14. Bd3 Nd4 15. 0-0 f5 16. exf5 Re8 17. Be4 b3 18. f6 Bxf6 19. Qh5 bxa2 20. Rxa2 Bg7 21. f4 f5 22. Bxf5 Bxf5 23. Nxf5 Nxf5 24. Qxf5 exf4 25. b4 Qh4 26. Ra3 Re1 27. Raf3 Bd4+ 28. Kh1 Rbe8 29. Rxf4 Rxf1+ 30. Rxf1 Qe4 31. Nf6+ Bxf6 32. Qxf6 Qg6 33. Qf4 Re2 34. Qf8# 1-0

[Event "SVK-chT2 9798"]
[Site "Slovakia"]
[Date "1998.??.??"]
[Round "?"]
[White "Debnar, Jan"]
[Black "Sokol, Milan"]
[Result "1/2-1/2"]
[WhiteElo "1970"]
[BlackElo "1980"]
[PlyCount "101"]
[EventDate "1997.??.??"]
[EventType "team"]
[EventRounds "11"]
[EventCountry "SVK"]
[SourceTitle "EXT 2003"]
[Source "ChessBase"]
[SourceDate "2002.11.25"]
[SourceVersion "1"]
[SourceVersionDate "2002.11.25"]
[SourceQuality "1"]

1. e4 c5 2. Nf3 d6 3. d4 cxd4 4. Nxd4 Nf6 5. Nc3 Nc6 6. Be2 g6 7. Be3 Bg7 8. f3 0-0 9. Qd2 d5 10. Nxc6 bxc6 11. Rd1 Bb7 12. 0-0 e5 13. Bc5 Re8 14. b4 Bf8 15. Bxf8 Kxf8 16. Rb1 Kg7 17. Bd3 Qe7 18. a4 Rad8 19. Qe2 Nh5 20. Qf2 d4 21. Ne2 Nf6 22. Bc4 Bc8 23. Nc1 c5 24. Qd2 cxb4 25. Bb5 Bd7 26. Rxb4 Bxb5 27. Rxb5 a6 28. Rb3 Rc8 29. Rf2 Nd7 30. Nd3 Nc5 31. Nxc5 Qxc5 32. Qb4 Re6 33. Kf1 Rec6 34. f4 f6 35. fxe5 Qxe5 36. Rd3 Rxc2 37. Rxc2 Rxc2 38. Qxd4 Qf4+ 39. Kg1 Rc7 40. Rd1 Re7 41. Re1 Qe5 42. Qb6 Qe6 43. Qd4 Rd7 44. Qc5 Qe7 45. Qa5 Qd6 46. e5 Qd4+ 47. Kf1 fxe5 48. Qxe5+ Qxe5 49. Rxe5 Kf6 50. Ra5 Rd6 51. Kf2 1/2-1/2